Cinéma par décennies - Années 2020 - Statistiques

Statistiques générales
  • Ce quiz a été pris 296 fois
  • Le résultat moyen est 4 sur 15
Statistiques - réponses
Hint Réponse % Correct
Année où la fréquentation des cinémas français a chuté de 70 % 2020
83%
Acteur connu pour son rôle d'Yves Saint Laurent décédé en 2022 Gaspard Ulliel
56%
Actrice étant devenue la première actrice asiatique à remporter l'Oscar de la meilleure actrice en 2023 ? Michelle Yeoh
41%
Film français ayant dépassé les 10 millions d'entrée au box office Un p'tit truc en plus
40%
Nom du phénomène Internet lors de la sortie de 2 gros films en juillet 2023 Barbenheimer
37%
Dernier film où James Bond est incarné par Daniel Craig Mourir peut attendre
35%
Film sorti en 2024 inspirée d'une comédie musicale Wicked
34%
Film français ayant fait un carton aux Etats-Unis Anatomie d'une chute
32%
Acteur révélé par les films Aftersun et The Lost Daughter Paul Mescal
27%
Genre de films très en vogue Biopic
12%
Réalisateur français accusé de viols par plusieurs actrices Benoît Jacquot
8%
Film français ayant remporté 7 Césars en 2021 Adieu les cons
7%
Actrice néerlandaise passée réalisatrice pour les films Bodies Bodies Bodies et Babygirl Halina Reijn
5%
Syndicat des acteurs d'Hollywood ayant réalisé une grève de plus de 3 mois SAG-AFTRA
5%
Réalisatrices françaises ayant remporté une des principales récompenses dans un festival européen depuis 2020 (Cannes, Venise, Berlin) Julia Ducournau, Audrey Diwan, Mati Diop
1%
Aucun quiz correspondant
Distribution des résultats
% des personnes avec chaque résultat
Percentile par nombre de réponses
Votre historique - résultats
Vous n’avez pas pris ce quiz